Statistics for The Yugoslavia Quiz

Click here to take the quiz!

General Stats

  • This quiz has been taken 2,800 times
    (2,775 since last reset)
  • The average score is 28 of 51

Answer Stats

HintAnswer% Correct
Present-day country on ex-Yugoslav territoryBosnia-Herzegovina
97%
Present-day country on ex-Yugoslav territoryCroatia
97%
Present-day country on ex-Yugoslav territorySerbia
97%
Present-day country on ex-Yugoslav territoryMontenegro
96%
Present-day countries on ex-Yugoslav territorySlovenia
96%
Present-day country on ex-Yugoslav territoryNorth Macedonia
95%
Capital cityBelgrade
94%
Present-day country on ex-Yugoslav territoryKosovo
94%
Capital citySarajevo
93%
Capital cityZagreb
93%
Founded Yugoslavia in 1945, died 1980Tito
89%
Capital citySkopje
86%
Capital cities of eachLjubljana
85%
Capital cityPristina
84%
Capital cityPodgorica
82%
River through capitalDanube
74%
Yugoslav currencyDinar
69%
Bordered this part of the MediterraneanAdriatic Sea
67%
Famous inventor, engineer and physicist, died 1943Nikola Tesla
64%
Football (soccer) clubRed Star Belgrade
61%
Leader of Serbia 1989–2000Slobodan Milosevic
61%
Year when Winter Olympics were held in Yugoslavia1984
59%
Football (soccer) clubPartizan
52%
Alcoholic drink usually made of plumsRakija
52%
Longest riverSava
52%
Football (soccer) clubDinamo Zagreb
51%
Place with famous ancient bridgeMostar
50%
Football (soccer) clubHajduk Split
49%
Leader of Croatia 1990–1999Franjo Tudjman
46%
Meat dish similar to kebabCevapcici
43%
Croatian islandKrk
43%
King of 1st Yugoslavia, assassinated in 1934Alexander I
38%
Yugoslav high-security prison campGoli Otok
37%
Croatian islandHvar
36%
Flat hamburgerPljeskavica
36%
Most famous female folk/pop singer, born 1960Lepa Brena
35%
Nobel laureate in literature 1961Ivo Andric
34%
Highest peakTriglav
30%
Rock band from Sarajevo, active 1974–1989Bijelo Dugme
29%
Croatian islandBrac
28%
Biggest lakeLake Ohrid
27%
Relish made of peppers, eggplant and garlicAjvar
25%
Croatian islandCres
25%
Controversial filmmaker, won Palme d'Or in 1995Emir Kusturica
24%
Croatian islandPag
20%
Rock band from Belgrade, active 1978–todayRiblja Corba
20%
Eurovision Song Contest winner 1989Riva
18%
Yugoslav disco-era star from Sarajevo, born 1951Zdravko Colic
17%
Prominent singer and songwriter from Novi Sad, 1953–2021
Djordje Balasevic
16%
Folk musician and contributor to film soundtracks, born 1950Goran Bregovic
16%
Rock band from Sarajevo, active 1980–todayZabranjeno Pusenje
12%

Score Distribution

Percentile by Number Answered

Percent of People with Each Score

Your Score History

You have not taken this quiz since the last reset